|
|
|
|
| LEADER |
00000nam a22000007a 4500 |
| 005 |
20190519163733.0 |
| 007 |
cr|||| |||| |
| 008 |
190519s2019 es |||||s|||| 00||0 spa d |
| 020 |
|
|
|a 978-84-1324-129-6
|
| 035 |
|
|
|a 23285
|
| 040 |
|
|
|a vLex
|
| 090 |
|
|
|c 8777
|d 8777
|
| 100 |
1 |
|
|a Anguita Osuna, Jos ̌Enrique
|
| 245 |
1 |
0 |
|a Aportaciones histr̤icas y jurd̕icas sobre el reinado de Fernando VII
|h [Recurso electrn̤ico] /
|c Jos ̌Enrique Anguita Osuna, ℓlvaro Silva Soto
|
| 256 |
|
|
|a Servicio en ln̕ea
|
| 260 |
|
|
|a Madrid:
|b Dykinson,
|c 2019
|
| 300 |
|
|
|a 1 recurso electrn̤ico
|
| 500 |
|
|
|a El reinado de Fernando VII fue, sin duda, uno de los pero̕dos claves de la historia contemporǹea de Espaą. A lo largo del mismo se evidenci ̤de forma clara la ruptura ideolg̤ica provocada por la propagacin̤ de las ideas liberales durante las guerras napolen̤icas, se configuraron las fuerzas que protagonizara̕n el conjunto del siglo XIX en nuestro pas̕ y se sell ̤el destino de los virreinatos americanos, por citar solo algunos desarrollos y acontecimientos importantes. A pesar de esto y por razones a menudo comprensibles, Fernando VII no ha sido el monarca que ms̀ interš ha suscitado entre nuestros historiadores, por lo que los aǫs que se mantuvo en el trono siguen ofreciendo no pocas oportunidades a la investigacin̤. Esta obra, que recoge contribuciones de especialistas de varias universidades, pretende paliar, siquiera mn̕imamente, las consecuencias de un olvido no por fc̀il de entender menos injustificado y animar as ̕a profundizar en el estudio de una p̌oca crucial para entender nuestro pasado y, tambiň, nuestro presente. Los coordinadores de esta obra son profesores de la Universidad Rey Juan Carlos.
|
| 506 |
1 |
|
|a Disponible solo en los productos indicados
|d vLex Global
|d vLex Global (Academic Edition, excluding Law Schools)
|d vLex Global (U.S. Academic Edition, Law Schools)
|d vLex Global (U.S. Academic Edition, excluding Law Schools)
|d vLex Global (Academic Edition, Law Schools)
|
| 650 |
0 |
4 |
|a Derecho Militar
|z Espaą
|
| 700 |
1 |
|
|a Silva Soto, ℓlvaro
|
| 740 |
0 |
|
|a vLex Libros (Servicio en ln̕ea)
|
| 856 |
4 |
0 |
|u http://vlex.com/source/aportaciones-historicas-y-juridicas-sobre-el-reinado-de-fernando-vii-23285
|z Acceso restringido
|
| 942 |
|
|
|c BOOK
|
| 999 |
0 |
|
|a Military Law
|